Normal view
MARC view
Entry Personal Name
001 - CONTROL NUMBER
- control field: 21281
003 - CONTROL NUMBER IDENTIFIER
- control field: ARRUPE
005 - DATE AND TIME OF LATEST TRANSACTION
- control field: 20151208122550.0
008 - FIXED-LENGTH DATA ELEMENTS
- fixed length control field: 151208|| aca||aabn | a|a d
040 ## - CATALOGING SOURCE
- Original cataloging agency: ARRUPE
- Transcribing agency: ARRUPE
100 ## - HEADING--PERSONAL NAME
- Personal name: Jacottet, Edouard
- Dates associated with a name: 1858-1920
670 ## - SOURCE DATA FOUND
- Source citation: Work cat.: (ARRUPE): Couzens, Tim 21280, Murder at Morija, 2005